[Event "Junior-DM"]
[Site "Aarhus"]
[Date "1993.??.??"]
[Round "7"]
[White "Hansen, Kasper"]
[Black "Carlsson, Daniel"]
[Result "1/2-1/2"]
[WhiteElo "2155"]
[BlackElo "2080"]
[PlyCount "121"]
[EventDate "1993.??.??"]
[EventType "swiss"]
[EventRounds "9"]
[EventCountry "DEN"]
[SourceTitle "EXT 1999"]
[Source "ChessBase"]
[SourceDate "1998.11.10"]

1. e4 c5 2. Nf3 d6 3. c3 Nf6 4. h3 g6 5. Bd3 Bg7 6. Bc2 O-O 7. O-O b6 8. Re1
Bb7 9. d3 Nc6 10. Nbd2 e5 11. Nf1 Nh5 12. Be3 h6 13. N1h2 Qe7 14. Qd2 g5 15. h4
f6 16. g4 Nf4 17. Bxf4 exf4 18. h5 Ne5 19. Bb3+ Kh8 20. d4 Nxf3+ 21. Nxf3 Rfe8
22. d5 Bc8 23. Nh2 Qf7 24. f3 Re5 25. Bc4 Bb7 26. Red1 Rae8 27. Nf1 Bf8 28. a4
a6 29. Qd3 Ra8 30. b4 Qc7 31. Nd2 f5 32. exf5 Re3 33. Qc2 Bg7 34. Ne4 cxb4 35.
cxb4 b5 36. axb5 Bxa1 37. Rxa1 axb5 38. Rxa8+ Bxa8 39. Qa2 Bb7 40. Bxb5 Qc1+
41. Kg2 Qe1 42. Qb2+ Kg8 43. Qf6 Rxe4 44. Qg6+ Kh8 45. Qxh6+ Kg8 46. Qxg5+ Kh7
47. Qg6+ Kh8 48. Qf6+ Kg8 49. fxe4 Qxe4+ 50. Kf1 Bxd5 51. Qg6+ Kf8 52. Qxd6+
Kf7 53. Qg6+ Kf8 54. Qf6+ Kg8 55. Qg6+ Kf8 56. Qd6+ Kf7 57. Qc7+ Kg8 58. Qc8+
Kg7 59. Qd7+ Kh6 60. Qd6+ Kg5 61. Qc5 1/2-1/2

[Event "Junior-DM"]
[Site "Aarhus"]
[Date "1993.??.??"]
[Round "5"]
[White "Hansen, Kasper"]
[Black "Pedersen, Daniel Vesterbaek"]
[Result "0-1"]
[WhiteElo "2155"]
[BlackElo "2225"]
[PlyCount "79"]
[EventDate "1993.??.??"]
[EventType "swiss"]
[EventRounds "9"]
[EventCountry "DEN"]
[SourceTitle "EXT 1999"]
[Source "ChessBase"]
[SourceDate "1998.11.10"]

1. d4 d5 2. c4 e6 3. Nc3 Nf6 4. cxd5 exd5 5. Bg5 c6 6. Qc2 Na6 7. a3 Nc7 8. e3
Ne6 9. Bh4 Be7 10. Bd3 g6 11. f3 O-O 12. Nge2 a5 13. Bf2 Ng7 14. O-O Nfe8 15.
e4 dxe4 16. fxe4 f5 17. e5 Nc7 18. Bc4+ Be6 19. Qb3 Bxc4 20. Qxc4+ Nge6 21. Nf4
Qd7 22. Rfd1 Rfd8 23. Nxe6 Qxe6 24. Qxe6+ Nxe6 25. d5 cxd5 26. Nxd5 Bc5 27. Nb6
Bxf2+ 28. Kxf2 Rxd1 29. Rxd1 Rd8 30. Rd6 Kf7 31. Nc4 a4 32. Nb6 Rxd6 33. exd6
Nc5 34. Ke3 Ke6 35. d7 Nxd7 36. Nxa4 Ke5 37. b4 Kd5 38. Nb2 Ne5 39. h3 g5 40.
h4 0-1

[Event "Junior-DM"]
[Site "Aarhus"]
[Date "1993.??.??"]
[Round "8"]
[White "Hansen, Kasper"]
[Black "Loebler, Heimo"]
[Result "1-0"]
[WhiteElo "2155"]
[BlackElo "2350"]
[PlyCount "81"]
[EventDate "1993.??.??"]
[EventType "swiss"]
[EventRounds "9"]
[EventCountry "DEN"]
[SourceTitle "EXT 1999"]
[Source "ChessBase"]
[SourceDate "1998.11.10"]

1. Nf3 c5 2. c4 b6 3. g3 Bb7 4. Bg2 g6 5. O-O Bg7 6. Nc3 Nc6 7. e3 Nh6 8. b3
O-O 9. Bb2 Nf5 10. Qc2 e6 11. Na4 Rc8 12. Bxg7 Nxg7 13. Qb2 Ne7 14. Rfd1 Qc7
15. Rac1 Qb8 16. d4 Qa8 17. Ne1 cxd4 18. Qxd4 Bxg2 19. Nxg2 d5 20. cxd5 Rfd8
21. Rxc8 Qxc8 22. Nc3 Ngf5 23. Qd3 exd5 24. e4 Nd6 25. exd5 Qc5 26. Ne3 h5 27.
Ne4 Nxe4 28. Qxe4 a5 29. Qe5 b5 30. Qf6 Qd6 31. Qg5 Kh7 32. g4 f6 33. Qh4 Qf4
34. Qh3 Qe4 35. gxh5 g5 36. d6 Nc6 37. Qf5+ Qxf5 38. Nxf5 Ne5 39. Kg2 Rc8 40.
Rd2 Nd7 41. Rd5 1-0

[Event "Junior-DM"]
[Site "Aarhus"]
[Date "1993.??.??"]
[Round "2"]
[White "Hellsten, Johan"]
[Black "Lauridsen, Jesper Morch"]
[Result "1-0"]
[WhiteElo "2315"]
[BlackElo "2180"]
[PlyCount "101"]
[EventDate "1993.??.??"]
[EventType "swiss"]
[EventRounds "9"]
[EventCountry "DEN"]
[SourceTitle "EXT 1999"]
[Source "ChessBase"]
[SourceDate "1998.11.10"]

1. e4 c5 2. Nf3 Nc6 3. d4 cxd4 4. Nxd4 Nf6 5. Nc3 d6 6. Be3 e5 7. Nf3 Be7 8.
Bc4 O-O 9. O-O Bg4 10. h3 Bh5 11. g4 Bg6 12. Nd2 Nd7 13. Nd5 Bg5 14. c3 Bxe3
15. Nxe3 Nc5 16. Bd5 Nd3 17. Ndc4 Nf4 18. Qf3 Qf6 19. Nf5 Bxf5 20. exf5 Qh6 21.
Kh2 Ne7 22. Ne3 Nfxd5 23. Nxd5 Nxd5 24. Qxd5 Qf4+ 25. Kg2 g6 26. fxg6 hxg6 27.
Rae1 Rad8 28. Re4 Qg5 29. f4 Qh4 30. Rf2 Kh7 31. fxe5 dxe5 32. Qxe5 Rd3 33. Re3
Qd8 34. Rxd3 Qxd3 35. Qd4 Qa6 36. Qd5 Kg8 37. h4 Qb6 38. h5 Qc6 39. Qxc6 bxc6
40. hxg6 f6 41. Rd2 Kg7 42. Rd7+ Kxg6 43. Kf3 f5 44. Rxa7 fxg4+ 45. Kxg4 Rf2
46. b3 Rc2 47. c4 Kf6 48. Ra6 Ke5 49. Rxc6 Rxa2 50. b4 Rf2 51. b5 1-0

[Event "Junior-DM"]
[Site "Aarhus"]
[Date "1993.??.??"]
[Round "8"]
[White "Hellsten, Johan"]
[Black "Berzinsh, Roland"]
[Result "1/2-1/2"]
[WhiteElo "2315"]
[BlackElo "2395"]
[PlyCount "80"]
[EventDate "1993.??.??"]
[EventType "swiss"]
[EventRounds "9"]
[EventCountry "DEN"]
[SourceTitle "EXT 1999"]
[Source "ChessBase"]
[SourceDate "1998.11.10"]

1. e4 e5 2. Nf3 Nc6 3. Bb5 a6 4. Ba4 Nf6 5. O-O Be7 6. Re1 b5 7. Bb3 O-O 8. d4
Nxd4 9. Nxd4 exd4 10. e5 Ne8 11. Qf3 c6 12. c3 dxc3 13. Nxc3 d5 14. exd6 Bxd6
15. Ne4 Be7 16. Bg5 Ra7 17. Qe3 Rd7 18. Bxe7 Qxe7 19. Qb6 Qd8 20. Qxc6 Bb7 21.
Qc3 Ba8 22. Rad1 Rxd1 23. Rxd1 Qe7 24. Ng3 Nf6 25. Nf5 Qe4 26. Ne3 h6 27. Qd4
Qg6 28. Qe5 Re8 29. Qf5 Qxf5 30. Nxf5 Bd5 31. Bxd5 Nxd5 32. g3 Ne7 33. Ne3 Nc6
34. Rd6 Re6 35. Rxe6 fxe6 36. Kf1 Kf7 37. Ke2 Kf6 38. a3 Ke5 39. Kd3 Kd6 40. f4
Ne7 1/2-1/2

[Event "Junior-DM"]
[Site "Aarhus"]
[Date "1993.??.??"]
[Round "4"]
[White "Hellsten, Johan"]
[Black "Aagaard, Jacob"]
[Result "1/2-1/2"]
[WhiteElo "2315"]
[BlackElo "2205"]
[PlyCount "52"]
[EventDate "1993.??.??"]
[EventType "swiss"]
[EventRounds "9"]
[EventCountry "DEN"]
[SourceTitle "EXT 1999"]
[Source "ChessBase"]
[SourceDate "1998.11.10"]

1. e4 c5 2. Nf3 d6 3. d4 cxd4 4. Nxd4 Nf6 5. Nc3 a6 6. Be2 e6 7. O-O Be7 8. f4
O-O 9. Be3 Qc7 10. a4 Nc6 11. Qe1 Re8 12. Rd1 Nb4 13. Qg3 Bf8 14. e5 Nd7 15.
exd6 Bxd6 16. Ne4 Bf8 17. c4 g6 18. Kh1 Bg7 19. Bd2 Nc5 20. Nxc5 Qxc5 21. Nb3
Qe7 22. Bc3 Bxc3 23. Qxc3 a5 24. Bf3 Qc7 25. Nd2 f5 26. b3 Nd5 1/2-1/2

[Event "Junior-DM"]
[Site "Aarhus"]
[Date "1993.??.??"]
[Round "9"]
[White "Hellsten, Johan"]
[Black "Pedersen, Nicolai Vesterbaek"]
[Result "1-0"]
[WhiteElo "2315"]
[BlackElo "2175"]
[PlyCount "67"]
[EventDate "1993.??.??"]
[EventType "swiss"]
[EventRounds "9"]
[EventCountry "DEN"]
[SourceTitle "EXT 1999"]
[Source "ChessBase"]
[SourceDate "1998.11.10"]

1. e4 e5 2. Nc3 Nf6 3. g3 Bc5 4. Bg2 O-O 5. Nge2 Re8 6. O-O Nc6 7. d3 a6 8. h3
d6 9. Kh2 Re6 10. Nd5 Nd4 11. Nxd4 Bxd4 12. c3 Ba7 13. Bg5 c6 14. Nxf6+ gxf6
15. Bh4 Qf8 16. Bf3 Qg7 17. Bg4 Re8 18. Bxc8 Raxc8 19. f4 Re6 20. fxe5 fxe5 21.
Rf5 Rc7 22. Qf3 h6 23. Rf1 Rd7 24. Bf6 Qg6 25. h4 Bb8 26. h5 Qh7 27. g4 d5 28.
g5 dxe4 29. dxe4 Ba7 30. Rd1 Rdd6 31. Rxd6 Rxd6 32. Rxe5 Rd2+ 33. Kh1 Kf8 34.
g6 1-0

[Event "Junior-DM"]
[Site "Aarhus"]
[Date "1993.??.??"]
[Round "1"]
[White "Hetey, Laszlo"]
[Black "Hellsten, Johan"]
[Result "1-0"]
[WhiteElo "2255"]
[BlackElo "2315"]
[PlyCount "101"]
[EventDate "1993.??.??"]
[EventType "swiss"]
[EventRounds "9"]
[EventCountry "DEN"]
[SourceTitle "EXT 1999"]
[Source "ChessBase"]
[SourceDate "1998.11.10"]

1. e4 e5 2. Nf3 Nf6 3. Nc3 Nc6 4. Bb5 Nd4 5. Ba4 Bc5 6. O-O O-O 7. d3 d6 8.
Nxd4 Bxd4 9. Ne2 Bb6 10. Bg5 h6 11. Bh4 g5 12. Bg3 Nh5 13. Bb3 Bg4 14. Kh1 Qf6
15. f3 Be6 16. Bf2 Qg6 17. Bxb6 axb6 18. Qd2 Ra5 19. Nc3 Rfa8 20. Bd5 c6 21.
Bxe6 Qxe6 22. a3 Nf4 23. Qe3 b5 24. Rad1 Qe7 25. d4 Ne6 26. Ne2 Ra4 27. c3 exd4
28. cxd4 b4 29. axb4 Nc7 30. Ng3 Rxb4 31. Qc3 Raa4 32. Nf5 Qf8 33. d5 c5 34. f4
g4 35. b3 Ra6 36. e5 Nb5 37. Qg3 dxe5 38. fxe5 Nd4 39. Nxd4 cxd4 40. Qxg4+ Rg6
41. Qf3 Qe8 42. d6 Qe6 43. Qf4 Qd5 44. Rd2 Rxb3 45. d7 Rg7 46. Rc1 Kh8 47. h3
Rg8 48. Rc8 Rb6 49. Rxg8+ Kxg8 50. Qg4+ Kf8 51. Qxd4 1-0

[Event "Junior-DM"]
[Site "Aarhus"]
[Date "1993.??.??"]
[Round "9"]
[White "Hetey, Laszlo"]
[Black "Jaracz, Pawel"]
[Result "0-1"]
[WhiteElo "2255"]
[BlackElo "2340"]
[PlyCount "60"]
[EventDate "1993.??.??"]
[EventType "swiss"]
[EventRounds "9"]
[EventCountry "DEN"]
[SourceTitle "EXT 1999"]
[Source "ChessBase"]
[SourceDate "1998.11.10"]

1. e4 c5 2. Nf3 e6 3. d4 cxd4 4. Nxd4 a6 5. Nc3 Qc7 6. g3 Bb4 7. Nde2 Nf6 8.
Bg2 Be7 9. O-O Nc6 10. a4 O-O 11. Kh1 Rb8 12. f4 b5 13. axb5 axb5 14. Be3 b4
15. Nb1 Bb7 16. Qd3 Ra8 17. Rxa8 Rxa8 18. Bc1 Bc5 19. Be3 Bf8 20. Rd1 Ra2 21.
b3 Ba6 22. Qd2 Na5 23. Nd4 Bc5 24. e5 Bxd4 25. Bxd4 Nxb3 26. Qxb4 Nxd4 27. c3
Rxg2 28. Kxg2 Qc6+ 29. Kh3 Bb7 30. Rd2 Qf3 0-1

[Event "Junior-DM"]
[Site "Aarhus"]
[Date "1993.??.??"]
[Round "5"]
[White "Hetey, Laszlo"]
[Black "Berzinsh, Roland"]
[Result "0-1"]
[WhiteElo "2255"]
[BlackElo "2395"]
[PlyCount "53"]
[EventDate "1993.??.??"]
[EventType "swiss"]
[EventRounds "9"]
[EventCountry "DEN"]
[SourceTitle "EXT 1999"]
[Source "ChessBase"]
[SourceDate "1998.11.10"]

1. e4 e5 2. Nf3 Nc6 3. Bb5 a6 4. Bxc6 dxc6 5. O-O f6 6. d4 Bg4 7. dxe5 Qxd1 8.
Rxd1 fxe5 9. Rd3 Bd6 10. b3 Nf6 11. Bb2 Bxf3 12. Rxf3 Nxe4 13. Na3 O-O-O 14.
Nc4 Rhe8 15. h3 Bc5 16. Re1 Nd2 17. Rf7 Nxc4 18. bxc4 Rd2 19. Bxe5 Bd4 20.
Rxc7+ Kd8 21. Rb1 Bxe5 22. Rcxb7 Re7 23. R7b6 Rf7 24. Rf1 Kc7 25. Rxa6 Bd4 26.
Kh1 Rfxf2 27. Rxf2 0-1

[Event "Junior-DM"]
[Site "Aarhus"]
[Date "1993.??.??"]
[Round "7"]
[White "Hetey, Laszlo"]
[Black "Aarland, Stein Arild"]
[Result "1-0"]
[WhiteElo "2255"]
[BlackElo "2225"]
[PlyCount "63"]
[EventDate "1993.??.??"]
[EventType "swiss"]
[EventRounds "9"]
[EventCountry "DEN"]
[SourceTitle "EXT 1999"]
[Source "ChessBase"]
[SourceDate "1998.11.10"]

1. e4 c6 2. d4 d5 3. e5 Bf5 4. Nc3 e6 5. g4 Bg6 6. Nge2 c5 7. Be3 cxd4 8. Nxd4
h5 9. f4 hxg4 10. f5 exf5 11. Bb5+ Nd7 12. e6 fxe6 13. Nxe6 Qh4+ 14. Bf2 Qe7
15. O-O Ngf6 16. Nxd5 Nxd5 17. Qxd5 Qd6 18. Qg2 a6 19. Rad1 axb5 20. Rxd6 Bxd6
21. Bg3 Bxg3 22. hxg3 Ke7 23. Re1 Kf6 24. Qxb7 Rh3 25. Qxa8 Rxg3+ 26. Kf2 Rf3+
27. Kg2 Ne5 28. Nd4 Rh3 29. Qd8+ Kf7 30. Rxe5 f4 31. Qe8+ Kf6 32. Qe7# 1-0

[Event "Junior-DM"]
[Site "Aarhus"]
[Date "1993.??.??"]
[Round "3"]
[White "Hetey, Laszlo"]
[Black "Sergejev, Roman"]
[Result "0-1"]
[WhiteElo "2255"]
[BlackElo "2255"]
[PlyCount "152"]
[EventDate "1993.??.??"]
[EventType "swiss"]
[EventRounds "9"]
[EventCountry "DEN"]
[SourceTitle "EXT 1999"]
[Source "ChessBase"]
[SourceDate "1998.11.10"]

1. e4 c5 2. Nf3 e6 3. d4 cxd4 4. Nxd4 Nf6 5. Nc3 d6 6. Be3 Be7 7. f3 a6 8. g4
Nc6 9. h4 Nd7 10. g5 O-O 11. Qe2 Nxd4 12. Bxd4 b5 13. Qg2 Qa5 14. h5 Ne5 15.
O-O-O b4 16. Nb1 Bxg5+ 17. Nd2 Nxf3 18. Qxf3 Qxa2 19. b3 e5 20. Be3 Bg4 21. Qf2
Rac8 22. Bd3 Bxd1 23. Rxd1 Qa1+ 24. Nb1 Qd4 25. Re1 f5 26. Bxa6 fxe4 27. Qd2
Bxe3 28. Rxe3 Rce8 29. Bc4+ Kh8 30. Rg3 Rf3 31. Qxd4 exd4 32. Rxf3 exf3 33. Nd2
f2 34. Nf1 Re5 35. Kd2 Rxh5 36. Ke2 Rf5 37. Ng3 Rf4 38. Kf1 g5 39. Kg2 h6 40.
Nh1 Kg7 41. Nxf2 Rf8 42. Ne4 g4 43. Nxd6 Kf6 44. Kg3 h5 45. Be2 Ke5 46. Nc4+
Kd5 47. Nd2 Ke5 48. Bd3 Rh8 49. Nf1 Rg8 50. Bc4 Rf8 51. Nd2 Rh8 52. Bd3 Rg8 53.
Nc4+ Kf6 54. Nd6 h4+ 55. Kg2 Ke5 56. Nf5 Rh8 57. Kh2 Kf4 58. Nxd4 Ke3 59. Nf5+
Kf3 60. Bf1 Kf2 61. Bg2 Rg8 62. Nd6 h3 63. Ne4+ Ke3 64. Bh1 Rf8 65. c4 Rf1 66.
c5 Rc1 67. Nf6 Kf4 68. Nh5+ Kg5 69. Ng3 Rc2+ 70. Kg1 Kf4 71. Nh5+ Ke3 72. c6
Rc3 73. Nf6 Rxb3 74. c7 g3 75. Nd5+ Kd2 76. Be4 Ra3 0-1

[Event "Junior-DM"]
[Site "Aarhus"]
[Date "1993.??.??"]
[Round "1"]
[White "Jaracz, Pawel"]
[Black "Sergejev, Roman"]
[Result "0-1"]
[WhiteElo "2340"]
[BlackElo "2255"]
[PlyCount "82"]
[EventDate "1993.??.??"]
[EventType "swiss"]
[EventRounds "9"]
[EventCountry "DEN"]
[SourceTitle "EXT 1999"]
[Source "ChessBase"]
[SourceDate "1998.11.10"]

1. e4 c5 2. Nf3 d6 3. d4 cxd4 4. Nxd4 Nf6 5. Nc3 a6 6. Bc4 e6 7. Bb3 b5 8. O-O
Qc7 9. Re1 Be7 10. Qf3 Nc6 11. Nxc6 Qxc6 12. Qg3 Bb7 13. Qxg7 Rg8 14. Qh6 O-O-O
15. f3 Rg6 16. Qh3 Rdg8 17. Re2 Kb8 18. Be3 h5 19. Rd1 R8g7 20. a4 b4 21. Na2
Bc8 22. Qh4 a5 23. Qe1 Ba6 24. Red2 Nxe4 25. Bd5 exd5 26. fxe4 dxe4 27. Nc1 f5
28. g3 h4 29. Nb3 hxg3 30. h3 f4 31. Bxf4 Rf7 32. Qe3 Rgf6 33. Nd4 Qb6 34. Bg5
Rf3 35. Qxe4 Bxg5 36. Qe8+ Ka7 37. Kg2 Bb7 38. Nb5+ Ka6 39. Nxd6 Rd3+ 40. Nxb7
Qxb7+ 41. Kg1 Be3+ 0-1

[Event "Junior-DM"]
[Site "Aarhus"]
[Date "1993.??.??"]
[Round "3"]
[White "Jaracz, Pawel"]
[Black "Lauridsen, Jesper Morch"]
[Result "1-0"]
[WhiteElo "2340"]
[BlackElo "2180"]
[PlyCount "89"]
[EventDate "1993.??.??"]
[EventType "swiss"]
[EventRounds "9"]
[EventCountry "DEN"]
[SourceTitle "EXT 1999"]
[Source "ChessBase"]
[SourceDate "1998.11.10"]

1. e4 e6 2. d4 d5 3. Nc3 dxe4 4. Nxe4 Bd7 5. Nf3 Bc6 6. Ng3 Bxf3 7. Qxf3 c6 8.
c3 Nf6 9. Bd3 Be7 10. O-O O-O 11. Bf4 Re8 12. Rfe1 Bf8 13. Rad1 Qd5 14. Ne4
Nxe4 15. Bxe4 Qd8 16. Qh3 g6 17. Qg3 Nd7 18. h4 Nf6 19. Bf3 Nd5 20. Bc1 Bd6 21.
Qh3 Nf4 22. Qh1 Qa5 23. g3 Nh5 24. a3 Ng7 25. Kg2 Nf5 26. h5 Bf8 27. Qh3 Bg7
28. hxg6 hxg6 29. Bf4 Rad8 30. g4 Nd6 31. Rh1 Kf8 32. Qh7 Nc4 33. Rb1 Bf6 34.
Be4 Nd6 35. Bxg6 e5 36. Bh6+ Ke7 37. dxe5 Qd5+ 38. f3 Bxe5 39. Rbd1 Qb5 40.
Bg5+ Kf8 41. Rhe1 Bg7 42. Bh6 Re2+ 43. Kh3 Bxh6 44. Qxh6+ Ke7 45. Qh4+ 1-0

[Event "Junior-DM"]
[Site "Aarhus"]
[Date "1993.??.??"]
[Round "5"]
[White "Jaracz, Pawel"]
[Black "Lindfeldt, Jan Magnus"]
[Result "1-0"]
[WhiteElo "2340"]
[BlackElo "2110"]
[PlyCount "57"]
[EventDate "1993.??.??"]
[EventType "swiss"]
[EventRounds "9"]
[EventCountry "DEN"]
[SourceTitle "EXT 1999"]
[Source "ChessBase"]
[SourceDate "1998.11.10"]

1. e4 c6 2. d4 d5 3. Nc3 dxe4 4. Nxe4 Nf6 5. Nxf6+ gxf6 6. Qd3 Na6 7. Bd2 Qd5
8. c4 Qh5 9. Qe3 Bf5 10. Ne2 e6 11. Nf4 Qh6 12. h3 O-O-O 13. Qc3 e5 14. Ne6
exd4 15. Nxd4 Qg6 16. Be3 Bc5 17. O-O-O Bxd4 18. Rxd4 Rxd4 19. Bxd4 Re8 20. Be3
Be4 21. b4 b6 22. Rg1 Kb7 23. Kb2 Nc7 24. Be2 Ne6 25. f3 Nc7 26. g4 h5 27. gxh5
Qxh5 28. Bf4 Bg6 29. Qd2 1-0

[Event "Junior-DM"]
[Site "Aarhus"]
[Date "1993.??.??"]
[Round "5"]
[White "Lauridsen, Jesper Morch"]
[Black "Trabolt, Lars"]
[Result "0-1"]
[WhiteElo "2180"]
[BlackElo "2040"]
[PlyCount "80"]
[EventDate "1993.??.??"]
[EventType "swiss"]
[EventRounds "9"]
[EventCountry "DEN"]
[SourceTitle "EXT 1999"]
[Source "ChessBase"]
[SourceDate "1998.11.10"]

1. d4 f5 2. c4 Nf6 3. Nf3 g6 4. g3 Bg7 5. Bg2 d6 6. O-O O-O 7. Nc3 c6 8. b3 a5
9. Bb2 Na6 10. Qc2 Kh8 11. Rae1 Qc7 12. Qc1 e5 13. dxe5 dxe5 14. e4 Nb4 15. Qb1
Nxe4 16. Nxe4 fxe4 17. Qxe4 Bf5 18. Qh4 Nd3 19. Ng5 Bf6 20. Ba1 Nxe1 21. Rxe1
Rae8 22. f4 h5 23. fxe5 Qe7 24. e6 Bxa1 25. Rxa1 Qc5+ 26. Kh1 Bxe6 27. Bf3 Kg7
28. Rd1 Qe3 29. Bg2 Bg4 30. Rg1 Rf5 31. Nh3 g5 32. Nxg5 Qxg5 33. Qxg5+ Rxg5 34.
h3 Bd7 35. Bf3 Bxh3 36. Kh2 Bg4 37. Bg2 Re2 38. Kh1 Rge5 39. Kh2 Bf3 40. Kh3
Bxg2+ 0-1

[Event "Junior-DM"]
[Site "Aarhus"]
[Date "1993.??.??"]
[Round "1"]
[White "Lauridsen, Jesper Morch"]
[Black "Andersen, Jackie"]
[Result "0-1"]
[WhiteElo "2180"]
[BlackElo "2150"]
[PlyCount "40"]
[EventDate "1993.??.??"]
[EventType "swiss"]
[EventRounds "9"]
[EventCountry "DEN"]
[SourceTitle "EXT 1999"]
[Source "ChessBase"]
[SourceDate "1998.11.10"]

1. c4 Nf6 2. Nc3 e6 3. Nf3 Bb4 4. Qc2 b6 5. a3 Bxc3 6. Qxc3 Bb7 7. b4 d6 8. g3
O-O 9. Bb2 c5 10. bxc5 bxc5 11. Bg2 Nc6 12. O-O e5 13. Qc2 Qc7 14. Rab1 Rab8
15. e3 h6 16. Bc3 e4 17. Nh4 Ne5 18. f3 exf3 19. Nxf3 Be4 20. Qa2 Rxb1 0-1

[Event "Junior-DM"]
[Site "Aarhus"]
[Date "1993.??.??"]
[Round "6"]
[White "Lindfeldt, Jan Magnus"]
[Black "Borbjerggaard, Lars"]
[Result "1-0"]
[WhiteElo "2110"]
[BlackElo "2215"]
[PlyCount "61"]
[EventDate "1993.??.??"]
[EventType "swiss"]
[EventRounds "9"]
[EventCountry "DEN"]
[SourceTitle "EXT 1999"]
[Source "ChessBase"]
[SourceDate "1998.11.10"]

1. e4 d5 2. exd5 Nf6 3. d4 Nxd5 4. Nf3 g6 5. Be2 Bg7 6. O-O O-O 7. c4 Nb6 8.
Be3 Nc6 9. Nc3 e5 10. d5 Ne7 11. a4 Nf5 12. Bg5 f6 13. Bd2 a5 14. b4 axb4 15.
Ne4 Nd6 16. Nxd6 cxd6 17. Bxb4 Qc7 18. c5 dxc5 19. d6 Qf7 20. Bxc5 Nd5 21. d7
Bxd7 22. Bc4 Be6 23. Bxf8 Bxf8 24. Qb3 Rc8 25. Rfd1 Rxc4 26. Qxc4 Ne3 27. Qc3
Nxd1 28. Rxd1 Bb3 29. Ra1 Qd5 30. Nd2 Ba2 31. Qb2 1-0

[Event "Junior-DM"]
[Site "Aarhus"]
[Date "1993.??.??"]
[Round "2"]
[White "Loebler, Heimo"]
[Black "Hetey, Laszlo"]
[Result "0-1"]
[WhiteElo "2350"]
[BlackElo "2255"]
[PlyCount "114"]
[EventDate "1993.??.??"]
[EventType "swiss"]
[EventRounds "9"]
[EventCountry "DEN"]
[SourceTitle "EXT 1999"]
[Source "ChessBase"]
[SourceDate "1998.11.10"]

1. d4 f5 2. Bg5 d6 3. Nc3 Nf6 4. Bxf6 exf6 5. e3 g6 6. h4 Be6 7. Bd3 Qe7 8. Qf3
c6 9. h5 Bh6 10. d5 Bf7 11. Nge2 Nd7 12. g3 Ne5 13. Qg2 c5 14. hxg6 hxg6 15.
Nf4 Nxd3+ 16. cxd3 b5 17. Nxb5 Rb8 18. Na3 g5 19. Ne2 Qb7 20. e4 Qb4+ 21. Kd1
Qa4+ 22. Kc1 g4+ 23. Nf4 Qd4 24. Nc4 fxe4 25. Qxe4+ Qxe4 26. dxe4 Bxf4+ 27. Kc2
Rxh1 28. Rxh1 Rb4 29. Rh8+ Kd7 30. b3 Be5 31. Ra8 Bg6 32. Rxa7+ Kc8 33. Kd3 f5
34. Nxe5 dxe5 35. Rg7 fxe4+ 36. Ke3 Bf5 37. Rg5 Bd7 38. Rxe5 Rd4 39. Rxe4 Rxd5
40. Rc4 Kb7 41. b4 Re5+ 42. Kf4 Re2 43. Rxc5 Rxf2+ 44. Kg5 Rxa2 45. Rd5 Kc6 46.
Rd4 Ra7 47. Kf6 Kb5 48. Ke5 Bc8 49. Rd8 Rc7 50. Rd4 Rc3 51. Rd8 Kxb4 52. Kf4
Rc5 53. Re8 Kc4 54. Rd8 Kc3 55. Rd1 Rf5+ 56. Ke4 Rf8 57. Ke3 Rf3+ 0-1

[Event "Junior-DM"]
[Site "Aarhus"]
[Date "1993.??.??"]
[Round "3"]
[White "Loebler, Heimo"]
[Black "Aarland, Stein Arild"]
[Result "0-1"]
[WhiteElo "2350"]
[BlackElo "2225"]
[PlyCount "70"]
[EventDate "1993.??.??"]
[EventType "swiss"]
[EventRounds "9"]
[EventCountry "DEN"]
[SourceTitle "EXT 1999"]
[Source "ChessBase"]
[SourceDate "1998.11.10"]

1. d4 d5 2. c4 e6 3. Nc3 Nf6 4. cxd5 exd5 5. Bg5 Be7 6. e3 O-O 7. Qc2 c6 8. Bd3
Nbd7 9. Nf3 Re8 10. h3 Nf8 11. O-O Ng6 12. Ne5 Nh5 13. Bxe7 Qxe7 14. f4 Nf8 15.
Rae1 f6 16. Nf3 Ng3 17. Rf2 Ne4 18. Bxe4 dxe4 19. Nd2 f5 20. Na4 Be6 21. a3 Qf7
22. b4 a5 23. Nb6 Ra6 24. Nbc4 axb4 25. axb4 Rea8 26. Rb1 Ra2 27. Qc3 Qe7 28.
Na5 Bd5 29. Ndc4 Rxf2 30. Kxf2 Nd7 31. Nxb7 Ra2+ 32. Nd2 Nb6 33. Nc5 Nc4 34.
Ncb3 Qh4+ 35. Kf1 Rc2 0-1

[Event "Junior-DM"]
[Site "Aarhus"]
[Date "1993.??.??"]
[Round "7"]
[White "Loebler, Heimo"]
[Black "Andersen, Jackie"]
[Result "0-1"]
[WhiteElo "2350"]
[BlackElo "2150"]
[PlyCount "63"]
[EventDate "1993.??.??"]
[EventType "swiss"]
[EventRounds "9"]
[EventCountry "DEN"]
[SourceTitle "EXT 1999"]
[Source "ChessBase"]
[SourceDate "1998.11.10"]

1. d4 g6 2. c4 Bg7 3. Nc3 d6 4. e4 Nd7 5. Nf3 e5 6. d5 Ngf6 7. Be2 O-O 8. Be3
Ng4 9. Bg5 f6 10. Bh4 Nh6 11. O-O Qe7 12. Rc1 c5 13. dxc6 bxc6 14. Qa4 Bb7 15.
b4 a5 16. b5 Nc5 17. Qc2 g5 18. Bg3 f5 19. exf5 Nxf5 20. Ne4 g4 21. Nfg5 Nd4
22. Qd1 Bh6 23. Qxd4 exd4 24. Bxd6 Bxg5 25. Bxe7 Bxe7 26. Nxc5 Bxc5 27. Bxg4
cxb5 28. cxb5 Bb6 29. Be6+ Kg7 30. Bc4 Rac8 31. Bd3 Bd5 32. Rfe1 0-1

[Event "Junior-DM"]
[Site "Aarhus"]
[Date "1993.??.??"]
[Round "5"]
[White "Loebler, Heimo"]
[Black "Hellsten, Johan"]
[Result "0-1"]
[WhiteElo "2350"]
[BlackElo "2315"]
[PlyCount "70"]
[EventDate "1993.??.??"]
[EventType "swiss"]
[EventRounds "9"]
[EventCountry "DEN"]
[SourceTitle "EXT 1999"]
[Source "ChessBase"]
[SourceDate "1998.11.10"]

1. d4 Nf6 2. c4 e6 3. Nc3 Bb4 4. Qc2 O-O 5. a3 Bxc3+ 6. Qxc3 b6 7. Bg5 Bb7 8.
e3 d6 9. f3 Nbd7 10. Nh3 h6 11. Bh4 d5 12. cxd5 exd5 13. Be2 Re8 14. Bf2 c5 15.
O-O Rc8 16. Rac1 Nf8 17. Nf4 N6d7 18. b3 Ne6 19. Nxe6 Rxe6 20. Rfd1 Qe7 21. Qb2
a6 22. a4 Qf6 23. Bf1 Rec6 24. Be1 cxd4 25. Rxc6 Rxc6 26. Qxd4 Qxd4 27. Rxd4
Re6 28. Rd3 Nc5 29. Rc3 a5 30. Kf2 Kf8 31. Bd2 Ke7 32. Bc1 Rc6 33. Ba3 Kd8 34.
Bb5 Ne4+ 35. fxe4 Rxc3 0-1

[Event "Junior-DM"]
[Site "Aarhus"]
[Date "1993.??.??"]
[Round "2"]
[White "Pedersen, Daniel Vesterbaek"]
[Black "Aagaard, Jacob"]
[Result "1/2-1/2"]
[WhiteElo "2225"]
[BlackElo "2205"]
[PlyCount "31"]
[EventDate "1993.??.??"]
[EventType "swiss"]
[EventRounds "9"]
[EventCountry "DEN"]
[SourceTitle "EXT 1999"]
[Source "ChessBase"]
[SourceDate "1998.11.10"]

1. e4 d5 2. exd5 Qxd5 3. Nc3 Qa5 4. d4 Nf6 5. Nf3 Nc6 6. Bb5 Ne4 7. Qd3 Nxc3 8.
bxc3 a6 9. Bxc6+ bxc6 10. Ne5 f6 11. Nc4 Qf5 12. Rb1 Qxd3 13. cxd3 Bf5 14. Ke2
O-O-O 15. Rd1 e6 16. Be3 1/2-1/2

[Event "Junior-DM"]
[Site "Aarhus"]
[Date "1993.??.??"]
[Round "6"]
[White "Pedersen, Daniel Vesterbaek"]
[Black "Lauridsen, Jesper Morch"]
[Result "0-1"]
[WhiteElo "2225"]
[BlackElo "2180"]
[PlyCount "78"]
[EventDate "1993.??.??"]
[EventType "swiss"]
[EventRounds "9"]
[EventCountry "DEN"]
[SourceTitle "EXT 1999"]
[Source "ChessBase"]
[SourceDate "1998.11.10"]

1. e4 e6 2. d4 d5 3. Nc3 dxe4 4. Nxe4 Bd7 5. Nf3 Bc6 6. Bd3 Nd7 7. c4 Bxe4 8.
Bxe4 c6 9. O-O Ngf6 10. Bc2 Be7 11. Qd3 Qc7 12. Re1 O-O 13. Ne5 Rad8 14. Bf4
Qc8 15. Qh3 c5 16. Nxd7 Qxd7 17. Bg5 h6 18. Bxh6 Qxd4 19. Bxg7 Kxg7 20. Re3 Rg8
21. Rg3+ Kf8 22. Qh6+ Ke8 23. Ba4+ Rd7 24. Rxg8+ Nxg8 25. Qh5 Nf6 26. Qe2 Bd6
27. g3 Ke7 28. Bxd7 Nxd7 29. Rd1 Qe5 30. Qd3 Nf6 31. b3 Bc7 32. h3 Kf8 33. Qf3
b6 34. Qc6 Kg7 35. Rd3 Qe1+ 36. Kg2 Ne4 37. Rf3 Nd2 38. Qxc7 Qf1+ 39. Kh2 Nxf3#
0-1